|
|
|
|
| LEADER |
00000nam0a2200000 4500 |
| 001 |
303636 |
| 005 |
20231102001625.0 |
| 035 |
|
|
|a (RuTPU)RU\TPU\book\328862
|
| 090 |
|
|
|a 303636
|
| 100 |
|
|
|a 20150903d1963 k y0rusy50 ca
|
| 101 |
0 |
|
|a rus
|
| 102 |
|
|
|a RU
|
| 105 |
|
|
|a a z 101zy
|
| 200 |
1 |
|
|a Газовая изоляция оборудования высокого напряжения (по материалам международной конференции по газовому разряду и энергетике, 7-11 мая 1962 г. ,Летерхед Англия)
|f Государственный комитет по электротехнике при Госплане СССР
|
| 210 |
|
|
|a Москва
|c ЦИНТИЭлектропром
|d 1963
|
| 215 |
|
|
|a 71 с.
|c ил.
|
| 225 |
1 |
|
|a Электротехническая промышленность за рубежом
|
| 320 |
|
|
|a Библиография в конце статей
|
| 606 |
1 |
|
|a Изоляционные материалы
|2 stltpush
|3 (RuTPU)RU\TPU\subj\39217
|9 59404
|
| 610 |
1 |
|
|a газовая изоляция
|
| 610 |
1 |
|
|a высокое напряжение
|
| 610 |
1 |
|
|a оборудование
|
| 610 |
1 |
|
|a электрические разряды
|
| 610 |
1 |
|
|a элегаз
|
| 610 |
1 |
|
|a элегазовое оборудование
|
| 610 |
1 |
|
|a сжатые газы
|
| 610 |
1 |
|
|a конференции
|
| 675 |
|
|
|a 621.315.61(063)
|v 3
|
| 712 |
0 |
2 |
|a Государственный комитет по электротехнике при Госплане СССР
|2 stltpush
|3 (RuTPU)RU\TPU\col\13602
|9 25715
|
| 712 |
1 |
2 |
|a Газовая изоляция оборудования высокого напряжения
|c международная конференция
|e Англия
|f 1962
|
| 801 |
|
1 |
|a RU
|b 63413507
|c 20150903
|
| 801 |
|
2 |
|a RU
|b 63413507
|c 20151006
|g RCR
|
| 942 |
|
|
|c BK
|